Search the Library Catalogue
| 000 -LEADER | |
|---|---|
| fixed length control field | 00729nam a2200241Ia 4500 |
| 008 - FIXED-LENGTH DATA ELEMENTS--GENERAL INFORMATION | |
| fixed length control field | 191130s2006##################000#0#eng## |
| 020 ## - INTERNATIONAL STANDARD BOOK NUMBER | |
| ISBN | 9780262195386 |
| 082 ## - DEWEY DECIMAL CLASSIFICATION NUMBER | |
| Classification number | 302.2 STE |
| 100 ## - MAIN ENTRY--AUTHOR NAME | |
| Personal name | Stenning, Keith |
| 245 ## - TITLE STATEMENT | |
| Title | Introduction to cognition and communication |
| Statement of responsibility, etc | Keith Stenning, Alex Lascarides, and Jo Calder |
| 260 ## - PUBLICATION, DISTRIBUTION, ETC. (IMPRINT) | |
| Place of publication | Cambridge, MA |
| Name of publisher | MIT Press |
| Year of publication | c2006 |
| 300 ## - PHYSICAL DESCRIPTION | |
| Number of Pages | vi, 603 p. : ill. ; 24 cm |
| 500 ## - GENERAL NOTE | |
| General note | Includes bibliographical references and index |
| 650 ## - SUBJECT ADDED ENTRY--TOPICAL TERM | |
| Topical Term | Cognitive science |
| Topical Term | Communication |
| 700 ## - ADDED ENTRY--PERSONAL NAME | |
| Personal name | Calder, Jo |
| Personal name | Lascarides, Alex |
| 991 ## - | |
| -- | 214657 |
| Withdrawn status | Lost status | Damaged status | Not for loan | Home library | Current library | Shelving location | Date acquired | Full call number | Accession Number | Price effective from | Koha item type |
|---|---|---|---|---|---|---|---|---|---|---|---|
| Anna Centenary Library | Anna Centenary Library | 3RD FLOOR, B WING | 13.10.2020 | 302.2 STE | 396264 | 13.10.2020 | English Books |